| 000 | 00751 a2200205 4500 | ||
|---|---|---|---|
| 020 | _a0444518320 | ||
| 020 | _a9780444518323 | ||
| 082 | _a515.35 | ||
| 090 |
_c1100 _d1100 |
||
| 100 | 1 | _aKilbas, A.A. | |
| 245 | 1 | 0 |
_aTheory and applications of fractional differential equations. _nVolume 204 / _cA.A. Kilbas, H.M. Srivastava, J.J. Trujillo. |
| 260 |
_a[S.l.] : _bElsevier Science, _c2006. |
||
| 300 |
_a540 p. ; _c25 cm. |
||
| 490 | 1 | _aNorth-holland mathematics studies. | |
| 700 | 1 | _aSrivastava, H.M. | |
| 700 | 1 | _aTrujillo, J.J. | |
| 830 | 0 | _aNorth-holland mathematics studies. | |
| 942 |
_aSNS _cBK _k515.35 KIL |
||
| 999 |
_c29717 _d29717 |
||